Ja oder Nein...Stimmen die Fakten über die Länder? - Statistiken

Allgemein
  • Dieses Quiz wurde 184 mal gespielt
  • Das Durchschnittsergebnis liegt bei 7 aus 10
Antwortstatistiken
Frage Antwort % Korrekt
Nepal ist größer wie Bhutan Ja
91%
Polen grenzt an Russland Ja
91%
Äthiopien ist ein Binnenstaat. Ja
83%
Die EU hat 30 Mitgliederstaaten Nein
78%
Der Mount Everest ist zu 100% in Nepal Nein
78%
Es gibt 3 Inselstaaten im Mittelmeer Nein
78%
Es gibt ein Land mit über 800 Sprachen Ja
74%
Mongolei grenzt an 3 Länder Nein
74%
Der größte Binnestaat ist Mongolei Nein
61%
Brasilien hat mehr Einwohner wie Indonesien Nein
39%
Keine übereinstimmenden Quizze gefunden
Verteilung der Resultate
Anzahl Personen mit jedem Resultat
Perzentil nach korrekt beantworteten Fragen
Ihre Resultats-Entwicklung
Sie haben dieses Quiz noch nicht gespielt